<?xml version="1.0" encoding="UTF-8"?>
<record
    xmlns:xsi="http://www.w3.org/2001/XMLSchema-instance"
    xsi:schemaLocation="http://www.loc.gov/MARC21/slim http://www.loc.gov/standards/marcxml/schema/MARC21slim.xsd"
    xmlns="http://www.loc.gov/MARC21/slim">

  <leader>02894nam a22003617a 4500</leader>
  <datafield tag="999" ind1=" " ind2=" ">
    <subfield code="c">21986</subfield>
    <subfield code="d">21986</subfield>
  </datafield>
  <controlfield tag="003">AR-CdUCM</controlfield>
  <controlfield tag="008">190425b           ||||| |||| 00| 0 spa d</controlfield>
  <datafield tag="040" ind1=" " ind2=" ">
    <subfield code="a">MUNICIPALIDAD PROVINCIAL DEL CUSCO</subfield>
    <subfield code="c">BIBLIOTECA MUNICIPAL DEL CUSCO</subfield>
  </datafield>
  <datafield tag="082" ind1=" " ind2=" ">
    <subfield code="a">Andes/N&#xB0;3/1999</subfield>
  </datafield>
  <datafield tag="110" ind1=" " ind2=" ">
    <subfield code="a">Universidad Nacional de San Antonio Abad del Cusco</subfield>
    <subfield code="9">15942</subfield>
  </datafield>
  <datafield tag="245" ind1=" " ind2=" ">
    <subfield code="a">Andes :</subfield>
    <subfield code="b">Revista de Ciencias Sociales /</subfield>
    <subfield code="c">Facultad de Ciencias Sociales</subfield>
  </datafield>
  <datafield tag="260" ind1=" " ind2=" ">
    <subfield code="a">Cusco.</subfield>
    <subfield code="b">Universitaria,</subfield>
    <subfield code="c">1999.</subfield>
  </datafield>
  <datafield tag="300" ind1=" " ind2=" ">
    <subfield code="a">299 p&#xE1;ginas. :</subfield>
    <subfield code="b">Ilustraciones ;</subfield>
    <subfield code="c">21 cm.</subfield>
  </datafield>
  <datafield tag="440" ind1=" " ind2=" ">
    <subfield code="a">Andes Revista Semestre de la Facultad de Ciencias</subfield>
    <subfield code="n">N&#xB0; 3.1999</subfield>
    <subfield code="9">47069</subfield>
  </datafield>
  <datafield tag="505" ind1=" " ind2=" ">
    <subfield code="a">Contenido: Pumacahua y su participaci&#xF3;n en la revoluci&#xF3;n de 1814. V&#xED;ctor Aguilar Callo. -- El costo social y econ&#xF3;mico de la revoluci&#xF3;n Tupacamarista en el altiplano. Otilia Qui&#xF1;ones Meza. -- Formaci&#xF3;n del capital industrial en el Cusco el caso textil urbano 1915-1928. Luis Froylan Medina Suyo. -- Conflictos y relaciones sociales con ocasi&#xF3;n del cobro de diezmos en el Cusco Siglo XVIII. Margareth Najarro Espinoza. -- Usno, Sukankas y calendario Inka. Aurelio Carmona Cruz. -- El Corpus Christi frente al pensamiento andino. Jorge Escobar Medrano. -- Algunos aspectos generales de la sexualidad en la tercera edad. Rina Cornejo Mu&#xF1;oz. Olimpia Torres Castillo. -- El mundo de las almas una interpretaci&#xF3;n sobre el orden y el caos. Jes&#xFA;s Washington Rozas &#xC1;lvarez. -- Mar&#xED;a del Carmen Calder&#xF3;n Garc&#xED;a. -- La danza del Awqa Chileno de Urcos. Jos&#xE9; Canal Carhuarupay. -- La fiesta de la Virgen del Rosario en Huallhua. Juan V. Tuero Villa. -- Turismo e incanismo en el Cusco. Jorge Flores Ochoa. Pierre L. Van den Berghe. -- Machupijchu retos en la gesti&#xF3;n del santuario hist&#xF3;rico. Oscar Paredes Pando. -- Defensa y conservaci&#xF3;n del patrimonio monumental del Cusco. Raymundo B&#xE9;jar Navarro. -- Las excavaciones de Pikillacta realizadas en los sectores 4C, 4D, y canal A. Alfredo Valencia Zegarra. -- Fil&#xF3;sofos cusque&#xF1;os del siglo XX. N&#xE9;stor Bustos Silva. -- Condicionamiento sociocultural del pensamiento cognici&#xF3;n en la realidad andina. Gustavo Valdivia Rivera. -- Imasmari Imasmari L&#xF3;gica y Psicolog&#xED;a de la adivinanza. Gustavo Valdivia Rivera. Hilda Acurio Mora.</subfield>
  </datafield>
  <datafield tag="650" ind1=" " ind2=" ">
    <subfield code="a">Historia del Cusco</subfield>
    <subfield code="9">1714</subfield>
  </datafield>
  <datafield tag="650" ind1=" " ind2=" ">
    <subfield code="a">Arqueolog&#xED;a del Cusco</subfield>
    <subfield code="9">44311</subfield>
  </datafield>
  <datafield tag="650" ind1=" " ind2=" ">
    <subfield code="a">Antropolog&#xED;a del Cusco</subfield>
    <subfield code="9">47059</subfield>
  </datafield>
  <datafield tag="650" ind1=" " ind2=" ">
    <subfield code="a">Psicolog&#xED;a</subfield>
    <subfield code="9">1538</subfield>
  </datafield>
  <datafield tag="650" ind1=" " ind2=" ">
    <subfield code="a">Filosof&#xED;a</subfield>
    <subfield code="9">395</subfield>
  </datafield>
  <datafield tag="650" ind1=" " ind2=" ">
    <subfield code="a">Movimientos sociales</subfield>
    <subfield code="9">1450</subfield>
  </datafield>
  <datafield tag="650" ind1=" " ind2=" ">
    <subfield code="a">Antropolog&#xED;a social</subfield>
    <subfield code="9">38406</subfield>
  </datafield>
  <datafield tag="650" ind1=" " ind2=" ">
    <subfield code="a">Patrimonio cultural</subfield>
    <subfield code="9">3805</subfield>
  </datafield>
  <datafield tag="700" ind1=" " ind2=" ">
    <subfield code="a">Valdivia Rivera, Gustavo</subfield>
    <subfield code="9">12923</subfield>
  </datafield>
  <datafield tag="700" ind1=" " ind2=" ">
    <subfield code="a">Aguilar Callo, V&#xED;ctor</subfield>
    <subfield code="9">47070</subfield>
  </datafield>
  <datafield tag="700" ind1=" " ind2=" ">
    <subfield code="a">Qui&#xF1;ones Meza, Otilia</subfield>
    <subfield code="9">47071</subfield>
  </datafield>
  <datafield tag="700" ind1=" " ind2=" ">
    <subfield code="a">Medina Suyo, Luis</subfield>
    <subfield code="9">46683</subfield>
  </datafield>
  <datafield tag="700" ind1=" " ind2=" ">
    <subfield code="a">Valencia Zegarra, Alfredo</subfield>
    <subfield code="9">18086</subfield>
  </datafield>
  <datafield tag="700" ind1=" " ind2=" ">
    <subfield code="a">Canal Carhuarupay, Jos&#xE9;</subfield>
    <subfield code="9">47072</subfield>
  </datafield>
  <datafield tag="700" ind1=" " ind2=" ">
    <subfield code="a">Escobar Medrano, Jorge</subfield>
    <subfield code="9">47073</subfield>
  </datafield>
  <datafield tag="942" ind1=" " ind2=" ">
    <subfield code="2">ddc</subfield>
    <subfield code="c">PP</subfield>
  </datafield>
  <datafield tag="945" ind1=" " ind2=" ">
    <subfield code="a">rac</subfield>
  </datafield>
  <datafield tag="952" ind1=" " ind2=" ">
    <subfield code="0">0</subfield>
    <subfield code="2">ddc</subfield>
    <subfield code="4">0</subfield>
    <subfield code="7">0</subfield>
    <subfield code="a">HEM</subfield>
    <subfield code="b">HEM</subfield>
    <subfield code="c">CART</subfield>
    <subfield code="d">2022-02-02</subfield>
    <subfield code="g">10.00</subfield>
    <subfield code="o">Andes/N&#xB0;3/1999</subfield>
    <subfield code="p">REVC000499</subfield>
    <subfield code="r">2022-02-02</subfield>
    <subfield code="y">PP</subfield>
  </datafield>
  <datafield tag="952" ind1=" " ind2=" ">
    <subfield code="0">0</subfield>
    <subfield code="2">ddc</subfield>
    <subfield code="4">0</subfield>
    <subfield code="7">0</subfield>
    <subfield code="a">HEM</subfield>
    <subfield code="b">HEM</subfield>
    <subfield code="c">CART</subfield>
    <subfield code="d">2022-02-02</subfield>
    <subfield code="g">10.00</subfield>
    <subfield code="o">Andes/N&#xB0;3/1999/e.2</subfield>
    <subfield code="p">REVC000500</subfield>
    <subfield code="r">2022-02-02</subfield>
    <subfield code="y">PP</subfield>
  </datafield>
</record>
